书目信息 |
| 题名: |
工业新基建
|
|
| 作者: | 桑国海 , 杨爱喜 , 时培成 著 | |
| 分册: | ||
| 出版信息: | 北京 中国经济出版社 2021.04 |
|
| 页数: | 261页 | |
| 开本: | 24cm | |
| 丛书名: | ||
| 单 册: | ||
| 中图分类: | F403-39 | |
| 科图分类: | ||
| 主题词: | 互联网络--hu lian wang luo--应用--工业发展--研究 | |
| 电子资源: | ||
| ISBN: | 978-7-5136-6427-1 | |
| 000 | 01385nam0 2200277 450 | |
| 001 | 25451 | |
| 005 | 20220919095601.48 | |
| 010 | @a978-7-5136-6427-1@dCNY59.80 | |
| 100 | @a20210430d2021 em y0chiy50 ea | |
| 101 | 0 | @achi |
| 102 | @aCN@b110000 | |
| 105 | @aa a 000yy | |
| 200 | 1 | @a工业新基建@Agong ye xin ji jian@e工业互联网驱动智造未来@f桑国海, 杨爱喜, 时培成著 |
| 210 | @a北京@c中国经济出版社@d2021.04 | |
| 215 | @a261页@c图@d24cm | |
| 314 | @a桑国海, 中纺衣码通创始人, 安徽工程大学管理学院特聘教授。杨爱喜, 博士, 浙江大学工程师学院校聘兼任研究员、博士生导师, 正高级工程师。时培成, 博士, 安徽工程大学机械与汽车工程学院教授。 | |
| 320 | @a有书目 (第257-261页) | |
| 330 | @a本书立足于“新基建”时代背景, 详细梳理了工业互联网的发展现状、技术路径与实践场景, 全面阐述了工业互联网与新一代信息技术的融合与创新路径, 分别从工业赋能、工业互联网平台、行业实践、工业大数据、5G工业互联网、AI+工业互联网、工业区块链等七大维度, 全方位展现了工业互联网在智能制造领域的落地应用与实践策略, 助力我国制造业实现高质量发展。 | |
| 517 | 1 | @a工业互联网驱动智造未来@Agong ye hu lian wang qu dong zhi zao wei lai |
| 606 | 0 | @a互联网络@Ahu lian wang luo@x应用@x工业发展@x研究 |
| 690 | @aF403-39@v5 | |
| 701 | 0 | @a桑国海@Asang guo hai@4著 |
| 701 | 0 | @a杨爱喜@Ayang ai xi@4著 |
| 701 | 0 | @a时培成@Ashi pei cheng@4著 |
| 801 | 0 | @aCN@c20220910 |
| 905 | @a河南城建学院图书馆@dF403-39@eS031@f1 | |
| 工业新基建:工业互联网驱动智造未来/桑国海, 杨爱喜, 时培成著.-北京:中国经济出版社,2021.04 |
| 261页:图;24cm |
| ISBN 978-7-5136-6427-1:CNY59.80 |
| 本书立足于“新基建”时代背景, 详细梳理了工业互联网的发展现状、技术路径与实践场景, 全面阐述了工业互联网与新一代信息技术的融合与创新路径, 分别从工业赋能、工业互联网平台、行业实践、工业大数据、5G工业互联网、AI+工业互联网、工业区块链等七大维度, 全方位展现了工业互联网在智能制造领域的落地应用与实践策略, 助力我国制造业实现高质量发展。 |
| ● |
| 相关链接 |
|
|
|
正题名:工业新基建
索取号:F403-39/S031
 
预约/预借
| 序号 | 登录号 | 条形码 | 馆藏地/架位号 | 状态 | 备注 |
| 1 | 1576290 | 215762903 | 社科库409/409社科库 33排6列5层/ [索取号:F403-39/S031] | 在馆 |